000 00378 a2200133 4500
001 91423
082 _aPR 1321
090 _c43555
_d43554
100 _aUmar Khalid; Prof Mudassir Khalid (Advisor)
245 _aDesign and Simulation of Airborn Radar Antenna on HFSS Software
_n72 "B" EC
260 _aRawalpidi
_bNUST
_c2012
300 _ax, 58p
500 _aBE Project Reports
942 _aCAE NUST
_kPR 1321
999 _c326496
_d326496